Statistics for Countries with most tourists going to USA

Click here to take the quiz!

General Stats

  • This quiz has been taken 87 times
  • The average score is 9 of 10

Answer Stats

TouristsAnswer% Correct
11671122Canada
99%
19175345Mexico
99%
2309654China
96%
3750667Japan
96%
4691874UK
96%
1915275France
95%
2208145Germany
94%
2383822Brazil
89%
1399615Australia
83%
1742222South Korea
74%

Score Distribution

Percentile by Number Answered

Percent of People with Each Score

Your Score History

You have not taken this quiz